Central Library OPAC University of Rajshahi

বঙ্গবন্ধু শেখ মুজিবুর রহমান / (Record no. 78797)

MARC details
000 -LEADER
fixed length control field 01162nam a2200241 a 4500
001 - CONTROL NUMBER
control field 78797
003 - CONTROL NUMBER IDENTIFIER
rucl marc code BD-RjUL
005 - DATE AND TIME OF LATEST TRANSACTION
control field 20211209083156.0
008 - FIXED-LENGTH DATA ELEMENTS--GENERAL INFORMATION
fixed length control field 211115r20192011bg ||||| |||| 00| 0 ben d
020 ## - INTERNATIONAL STANDARD BOOK NUMBER
International Standard Book Number 9789840423910
Terms of availability : Tk. 950.00
035 ## - SYSTEM CONTROL NUMBER
System control number (BD-RjUL)79024
040 ## - CATALOGING SOURCE
Original cataloging agency BD-RjUL
Language of cataloging eng
Transcribing agency BD-RjUL
041 ## - LANGUAGE CODE
Language code of text/sound track or separate title ben
082 ## - DEWEY DECIMAL CLASSIFICATION NUMBER
Edition number 23
Classification number 954.9205092
Author mark and year SAB 2019
100 ## - MAIN ENTRY--PERSONAL NAME
Personal name সরকার, মোনায়েম
9 (RLIN) 250053
245 10 - TITLE STATEMENT
Title বঙ্গবন্ধু শেখ মুজিবুর রহমান /
Statement of responsibility, etc. মোনায়েম সরকার , আশফক-উল-আলম
260 ## - PUBLICATION, DISTRIBUTION, ETC. (IMPRINT)
Place of publication, distribution, etc. ঢাকা :
Name of publisher, distributor, etc. বাংলাদেশ ফাউন্ডেশন ফর ডেভেলপমেন্ট রিসার্চ ;
-- আগামী প্রকাশনী,
Date of publication, distribution, etc. ২০১১ [মুদ্রণ ২০১৯]
300 ## - PHYSICAL DESCRIPTION
Pagination ৫৬০ পৃ.:
Illustrations চিত্রসমূহ ;
Size ২২ সেমি.
600 ## - SUBJECT ADDED ENTRY--PERSONAL NAME
Personal name মুজিবুর রহমান,
Titles and other words associated with a name শেখ,
Dates associated with a name ১৯২০-১৯৭৫
Personal name Mujibur Rahman,
Titles and other words associated with a name Sheikh,
Dates associated with a name 1920-1975
700 ## - ADDED ENTRY--PERSONAL NAME
Personal name আশফক-উল-আলম
942 ## - ADDED ENTRY ELEMENTS (KOHA)
Source of classification or shelving scheme Dewey Decimal Classification
Koha item type Books
Holdings
Lost status Source of classification or shelving scheme Damaged status Not for loan Collection code Permanent Location Current Location Shelving location Date acquired Source of acquisition Cost, normal purchase price Total Checkouts Full call number Date last seen Copy number Koha item type
  Dewey Decimal Classification     Non-fiction Central Library, University of Rajshahi Central Library, University of Rajshahi   11/11/2021 Rajshahi Bidasagar 712.50   B 954.9205092 SAB 2019 15/11/2021 C-2 Books
  Dewey Decimal Classification   Not For Loan Non-fiction Central Library, University of Rajshahi Central Library, University of Rajshahi Bangabandhu Corner Section 11/11/2021 Rajshahi Bidasagar 712.50   B 954.9205092 SAB 2019 15/11/2021 C-1 Books